<?xml version="1.0" encoding="UTF-8"?>
<record
    xmlns:xsi="http://www.w3.org/2001/XMLSchema-instance"
    xsi:schemaLocation="http://www.loc.gov/MARC21/slim http://www.loc.gov/standards/marcxml/schema/MARC21slim.xsd"
    xmlns="http://www.loc.gov/MARC21/slim">

  <leader>03661njm a2200541Ia 4500</leader>
  <controlfield tag="001">C8764</controlfield>
  <controlfield tag="003">IT-RoPAU</controlfield>
  <controlfield tag="005">20220918181115.0</controlfield>
  <controlfield tag="008">131025s9999    xx            000 0 und d</controlfield>
  <datafield tag="040" ind1=" " ind2=" ">
    <subfield code="a">IT-RoPAU</subfield>
  </datafield>
  <datafield tag="040" ind1=" " ind2=" ">
    <subfield code="c">IT-RoPAU</subfield>
  </datafield>
  <datafield tag="041" ind1=" " ind2=" ">
    <subfield code="a">INGLESE</subfield>
  </datafield>
  <datafield tag="999" ind1=" " ind2=" ">
    <subfield code="c">99287</subfield>
    <subfield code="d">99287</subfield>
  </datafield>
  <datafield tag="999" ind1=" " ind2=" ">
    <subfield code="b">n.d.</subfield>
  </datafield>
  <datafield tag="100" ind1=" " ind2=" ">
    <subfield code="a">AA.VV.</subfield>
    <subfield code="9">794</subfield>
  </datafield>
  <datafield tag="100" ind1=" " ind2=" ">
    <subfield code="e">Autore musica</subfield>
    <subfield code="9">30575</subfield>
  </datafield>
  <datafield tag="100" ind1=" " ind2=" ">
    <subfield code="g">Codice autore musica SPICS: 12000</subfield>
    <subfield code="9">796</subfield>
  </datafield>
  <datafield tag="245" ind1=" " ind2=" ">
    <subfield code="a">Blue Moon of Kentucky</subfield>
  </datafield>
  <datafield tag="250" ind1=" " ind2=" ">
    <subfield code="a">1a ed.</subfield>
  </datafield>
  <datafield tag="260" ind1=" " ind2=" ">
    <subfield code="a">MILANO</subfield>
  </datafield>
  <datafield tag="260" ind1=" " ind2=" ">
    <subfield code="b">FRATELLI FABBRI EDITORI</subfield>
    <subfield code="c">1994 [1a Ed.:1994]</subfield>
  </datafield>
  <datafield tag="300" ind1=" " ind2=" ">
    <subfield code="a">COMPACT DISC</subfield>
  </datafield>
  <datafield tag="300" ind1=" " ind2=" ">
    <subfield code="c">40 minuti (Testo: 0 pag.)</subfield>
  </datafield>
  <datafield tag="500" ind1=" " ind2=" ">
    <subfield code="a">Musica rock. Quei romantici scatenati anni '50. Canzone rock. Romantica.</subfield>
  </datafield>
  <datafield tag="505" ind1=" " ind2=" ">
    <subfield code="a">Blue Moon of Kentucky [(Sleepy La Beef) (3:00)] - That's Allright [(Robbins Marty) (3:00)] - Good Rockin' Baby [(King Sid) (3:00)] - Wild Wild Young Men [(Maddox Rose) (3:00)] - No More No More No More [(Lord Bobby) (3:00)] - A Hole In My Pocket [(Little Jimmy Dickens) (3:00)] - Sixteen Tons [(Tennessee Ernie Ford) (3:00)] - Snatch It and Grab It [(Hart Freddie) (2:00)] - Rocky Road Blues [(Self Ronnie) (3:00)] - Baboon Boogie [(Murphy Jimmy) (2:00)] - Honky Tonk Hardwood Floor [(Horton Johnny) (3:00)] - You're Humbuggin' Me [(Frizzell Lefty) (3:00)] - Rhythm Hall [(Murphy Chuck) (3:00)] - Wake Up Little Susie [(The Everly Brothers) (3:00)] - Ugly and Slouchy [(The Maddox Brothers) (3:00)]</subfield>
  </datafield>
  <datafield tag="650" ind1=" " ind2=" ">
    <subfield code="a">CANZONE ROCK [COMPACT DISC]</subfield>
    <subfield code="e">Codice MATERIA SPICS: 9949</subfield>
    <subfield code="9">30576</subfield>
  </datafield>
  <datafield tag="700" ind1=" " ind2=" ">
    <subfield code="a">Monroe Bill</subfield>
    <subfield code="d">Codice autore musica SPICS: 14105</subfield>
    <subfield code="e">Autore musica</subfield>
    <subfield code="p">Blue Moon of Kentucky</subfield>
    <subfield code="9">30577</subfield>
  </datafield>
  <datafield tag="700" ind1=" " ind2=" ">
    <subfield code="a">Crudup A.</subfield>
    <subfield code="d">Codice autore musica SPICS: 24495</subfield>
    <subfield code="e">Autore musica</subfield>
    <subfield code="p">That's Allright</subfield>
    <subfield code="9">30578</subfield>
  </datafield>
  <datafield tag="700" ind1=" " ind2=" ">
    <subfield code="a">King Sid</subfield>
    <subfield code="d">Codice autore musica SPICS: 43151</subfield>
    <subfield code="e">Autore musica</subfield>
    <subfield code="p">Good Rockin' Baby</subfield>
    <subfield code="9">30579</subfield>
  </datafield>
  <datafield tag="700" ind1=" " ind2=" ">
    <subfield code="a">Nugatre</subfield>
    <subfield code="d">Codice autore musica SPICS: 43153</subfield>
    <subfield code="e">Autore musica</subfield>
    <subfield code="p">Wild Wild Young Men</subfield>
    <subfield code="9">30580</subfield>
  </datafield>
  <datafield tag="700" ind1=" " ind2=" ">
    <subfield code="a">Lord Bobby</subfield>
    <subfield code="d">Codice autore musica SPICS: 43154</subfield>
    <subfield code="e">Autore musica</subfield>
    <subfield code="p">No More No More No More</subfield>
    <subfield code="9">30581</subfield>
  </datafield>
  <datafield tag="700" ind1=" " ind2=" ">
    <subfield code="a">Boyett</subfield>
    <subfield code="d">Codice autore SPICS: 43155</subfield>
    <subfield code="e">Autore</subfield>
    <subfield code="p">No More No More No More</subfield>
    <subfield code="9">30582</subfield>
  </datafield>
  <datafield tag="700" ind1=" " ind2=" ">
    <subfield code="a">Bryant Boudleaux</subfield>
    <subfield code="d">Codice autore musica SPICS: 24512</subfield>
    <subfield code="e">Autore musica</subfield>
    <subfield code="p">A Hole In My Pocket - Wake Up Little Susie</subfield>
    <subfield code="9">30583</subfield>
  </datafield>
  <datafield tag="700" ind1=" " ind2=" ">
    <subfield code="a">Travis</subfield>
    <subfield code="d">Codice autore musica SPICS: 43156</subfield>
    <subfield code="e">Autore musica</subfield>
    <subfield code="p">Sixteen Tons</subfield>
    <subfield code="9">30584</subfield>
  </datafield>
  <datafield tag="700" ind1=" " ind2=" ">
    <subfield code="a">Hart Freddie</subfield>
    <subfield code="d">Codice autore musica SPICS: 43157</subfield>
    <subfield code="e">Autore musica</subfield>
    <subfield code="p">Snatch It and Grab It</subfield>
    <subfield code="9">30585</subfield>
  </datafield>
  <datafield tag="700" ind1=" " ind2=" ">
    <subfield code="a">Monroe Bill</subfield>
    <subfield code="d">Codice autore musica SPICS: 14105</subfield>
    <subfield code="e">Autore musica</subfield>
    <subfield code="p">Rocky Road Blues</subfield>
    <subfield code="9">30586</subfield>
  </datafield>
  <datafield tag="700" ind1=" " ind2=" ">
    <subfield code="a">Boone Pat</subfield>
    <subfield code="d">Codice autore musica SPICS: 13099</subfield>
    <subfield code="e">Autore musica</subfield>
    <subfield code="p">Baboon Boogie</subfield>
    <subfield code="9">30587</subfield>
  </datafield>
  <datafield tag="700" ind1=" " ind2=" ">
    <subfield code="a">Murphy Jimmy</subfield>
    <subfield code="d">Codice autore SPICS: 43159</subfield>
    <subfield code="e">Autore</subfield>
    <subfield code="p">Baboon Boogie</subfield>
    <subfield code="9">30588</subfield>
  </datafield>
  <datafield tag="700" ind1=" " ind2=" ">
    <subfield code="a">Hazelwood L.</subfield>
    <subfield code="d">Codice autore musica SPICS: 23028</subfield>
    <subfield code="e">Autore musica</subfield>
    <subfield code="p">Honky Tonk Hardwood Floor</subfield>
    <subfield code="9">30589</subfield>
  </datafield>
  <datafield tag="700" ind1=" " ind2=" ">
    <subfield code="a">Harrell</subfield>
    <subfield code="d">Codice autore SPICS: 43160</subfield>
    <subfield code="e">Autore</subfield>
    <subfield code="p">Honky Tonk Hardwood Floor</subfield>
    <subfield code="9">30590</subfield>
  </datafield>
  <datafield tag="700" ind1=" " ind2=" ">
    <subfield code="a">Atchison</subfield>
    <subfield code="d">Codice autore testo/musica SPICS: 43161</subfield>
    <subfield code="e">Autore testo/musica</subfield>
    <subfield code="p">Honky Tonk Hardwood Floor</subfield>
    <subfield code="9">30591</subfield>
  </datafield>
  <datafield tag="700" ind1=" " ind2=" ">
    <subfield code="a">Miller</subfield>
    <subfield code="d">Codice autore musica SPICS: 43163</subfield>
    <subfield code="e">Autore musica</subfield>
    <subfield code="p">You're Humbuggin' Me</subfield>
    <subfield code="9">30592</subfield>
  </datafield>
  <datafield tag="700" ind1=" " ind2=" ">
    <subfield code="a">Morgan</subfield>
    <subfield code="d">Codice autore SPICS: 22910</subfield>
    <subfield code="e">Autore</subfield>
    <subfield code="p">You're Humbuggin' Me</subfield>
    <subfield code="9">30593</subfield>
  </datafield>
  <datafield tag="700" ind1=" " ind2=" ">
    <subfield code="a">Murphy Chuck</subfield>
    <subfield code="d">Codice autore musica SPICS: 43165</subfield>
    <subfield code="e">Autore musica</subfield>
    <subfield code="p">Rhythm Hall</subfield>
    <subfield code="9">30594</subfield>
  </datafield>
  <datafield tag="700" ind1=" " ind2=" ">
    <subfield code="a">Gunter Barrie</subfield>
    <subfield code="d">Codice autore SPICS: 35947</subfield>
    <subfield code="e">Autore</subfield>
    <subfield code="p">Rhythm Hall</subfield>
    <subfield code="9">30595</subfield>
  </datafield>
  <datafield tag="700" ind1=" " ind2=" ">
    <subfield code="a">Bryant Felice</subfield>
    <subfield code="d">Codice autore musica SPICS: 24642</subfield>
    <subfield code="e">Autore musica</subfield>
    <subfield code="p">Wake Up Little Susie</subfield>
    <subfield code="9">30596</subfield>
  </datafield>
  <datafield tag="700" ind1=" " ind2=" ">
    <subfield code="a">Wayne B.</subfield>
    <subfield code="d">Codice autore musica SPICS: 36607</subfield>
    <subfield code="e">Autore musica</subfield>
    <subfield code="p">Ugly and Slouchy</subfield>
    <subfield code="9">30598</subfield>
  </datafield>
  <datafield tag="942" ind1=" " ind2=" ">
    <subfield code="c">CD</subfield>
    <subfield code="2">ddc</subfield>
  </datafield>
  <datafield tag="952" ind1=" " ind2=" ">
    <subfield code="0">0</subfield>
    <subfield code="1">0</subfield>
    <subfield code="4">0</subfield>
    <subfield code="6">C_8764_000000000000000</subfield>
    <subfield code="7">1</subfield>
    <subfield code="a">SPICS</subfield>
    <subfield code="b">SPICS</subfield>
    <subfield code="d">2013-10-25</subfield>
    <subfield code="l">0</subfield>
    <subfield code="o">C8764</subfield>
    <subfield code="r">2013-10-25 00:00:00</subfield>
    <subfield code="w">2013-10-25</subfield>
    <subfield code="y">CD</subfield>
    <subfield code="z">Progr. Ins.: 1635 / N.Vol.: 1 / Copie: 1 - Copia rara: n.d. / date import: 01.01.2014 - By Epidotti, Trombetti, Vaglietti</subfield>
  </datafield>
</record>
